स्व अभ्यास तंत्र मंत्र (Swa Abhas Tantra Mantra) (Record no. 48854)
[ view plain ]
| 000 -LEADER | |
|---|---|
| fixed length control field | 00406nam a2200145Ia 4500 |
| 008 - FIXED-LENGTH DATA ELEMENTS--GENERAL INFORMATION | |
| fixed length control field | 220805s9999 xx 000 0 und d |
| 041 ## - LANGUAGE CODE | |
| Language code of text/sound track or separate title | mar |
| 082 ## - DEWEY DECIMAL CLASSIFICATION NUMBER | |
| Classification number | 371.8 |
| 100 ## - MAIN ENTRY--PERSONAL NAME | |
| Personal name | Kasande, Pallavi |
| 9 (RLIN) | 88794 |
| 260 ## - PUBLICATION, DISTRIBUTION, ETC. (IMPRINT) | |
| Place of publication, distribution, etc. | Mumbai |
| Name of publisher, distributor, etc. | Madhura |
| Date of publication, distribution, etc. | 2006 |
| 245 ## - TITLE STATEMENT | |
| Title | स्व अभ्यास तंत्र मंत्र (Swa Abhas Tantra Mantra) |
| 250 ## - EDITION STATEMENT | |
| Edition statement | 1 |
| 300 ## - PHYSICAL DESCRIPTION | |
| Extent | 95 |
| 650 ## - SUBJECT ADDED ENTRY--TOPICAL TERM | |
| Topical term or geographic name as entry element | Self Education |
| 9 (RLIN) | 88795 |
| Withdrawn status | Lost status | Damaged status | Not for loan | Collection code | Home library | Current library | Date acquired | Vendor | Cost, normal purchase price | Full call number | Barcode | Date last seen | Bill Date | Koha item type | Original Barcode |
|---|---|---|---|---|---|---|---|---|---|---|---|---|---|---|---|
| Manilal Nanavati Vocational Training Institute Pune | Manilal Nanavati Vocational Training Institute Pune | 09/08/2022 | Donated | 70.00 | 371.8/KAS/DB1485 | MNVT-DB-1485 | 09/08/2022 | 09/08/2022 | Donated Book | DB1485 |